LEADER 01147nam a2200253 i 4500 001 991002402059707536 005 20020503164857.0 008 000505s1956 it ||| | lat 035 $ab10359424-39ule_inst 035 $aEXGIL103296$9ExL 040 $aBiblioteca Interfacoltà$bita 082 0 $a232.1 100 0 $aAthanasius$c$0330507 245 10$aDe Trinitate LL. 10.-12.. Espositio fidei catholicae. Professio arriana et confessio catholicae De Trinitate et de Spiritu Sancto /$crecognivit brevique adnotatione critica instruxit Manlio Simonetti 260 $aBologna :$bCappelli,$c1956 300 $a147 p. ;$c19 cm 490 0 $aScriptores latini 700 1 $aSimonetti, Manlio 907 $a.b10359424$b21-02-17$c27-06-02 912 $a991002402059707536 945 $aLE002 Lat. II F 23$g1$i2002000729064$lle002$o-$pE0.00$q-$rl$s- $t0$u0$v0$w0$x0$y.i10420605$z27-06-02 996 $aDe Trinitate LL. 10.-12.. Espositio fidei catholicae. Professio arriana et confessio catholicae De Trinitate et de Spiritu Sancto$9204513 997 $aUNISALENTO 998 $ale002$b01-01-00$cm$da $e-$flat$git $h0$i1 LEADER 01608nam0 22003853i 450 001 TO00330612 005 20231121125836.0 100 $a20140113d1994 ||||0itac50 ba 101 | $aita 102 $ait 181 1$6z01$ai $bxxxe 182 1$6z01$an 200 1 $aEducazione e processi cognitivi$eguida psicologica per gli insegnanti$fDavid P. Ausubel$gintroduzione di Cesare Cornoldi e Paolo Meazzini$gedizione italiana a cura di Daniela Costamagna 205 $a6. ed 210 $aMilano$cF. Angeli$d1994 215 $a819 p.$d22 cm. 225 | $aCollana di psicologia$i. Sez. 2, La psicologia oggi$v25 410 0$1001CFI0014473$12001 $aCollana di psicologia$i. Sez. 2, La psicologia oggi$v25 500 10$aEducational psychology : a cognitive view$3VIA0024276$9MODV074385$923177 606 $aPsicologia cognitiva$2FIR$3RMLC112615$9I 676 $a150$9PSICOLOGIA$v21 676 $a155.7$9PSICOLOGIA EVOLUTIVA$v20 700 1$aAusubel$b, David P.$3MODV074385$4070$066623 702 1$aCornoldi$b, Cesare$3CFIV011824 702 1$aMeazzini$b, Paolo$3CFIV045550 702 1$aCostamagna$b, Daniela$3VIAV088752 790 1$aAusubel$b, David Paul$3UTOV545229$zAusubel, David P. 801 3$aIT$bIT-01$c20140113 850 $aIT-FR0017 899 $aBiblioteca umanistica Giorgio Aprea$bFR0017 912 $aTO00330612 950 0$aBiblioteca umanistica Giorgio Aprea$d 52MAG 13/2446$e 52FSS0000058095 VMB RS $fA $h20140113$i20140113 977 $a 52 996 $aEducational psychology: a cognitive view$923177 997 $aUNICAS